| 000 | 00683nam a2200229 a 4500 | ||
|---|---|---|---|
| 008 | |||
| 020 | _a0582300975 (pbk.) | ||
| 049 | _aMAIN | ||
| 090 |
_aG70.4 _bCUR |
||
| 100 | 1 | _aCurran, Paul J. | |
| 245 | 1 | 0 |
_aPrinciples of remote sensing / _cPaul J. Curran. |
| 260 |
_aLondon ; _aNew York : _bLongman, _c1985. |
||
| 300 |
_axi, 282 p., [4] p. of plates : _bill. (some col.) ; _c25 cm. |
||
| 504 | _aIncludes bibliographical references. | ||
| 500 | _aIncludes indexes. | ||
| 650 | 0 | _aRemote sensing. | |
| 907 |
_a.b1003075x _b24-04-12 _c17-04-03 |
||
| 003 | |||
| 005 | 20230123133149.0 | ||
| 040 | _cNUST | ||
| 942 |
_cBOOKS _kG70.4 _mCUR |
||
| 999 |
_c143842 _d143842 |
||